| 000 | 01600nam a2200373 a 4500 | ||
|---|---|---|---|
| 999 |
_c129958 _d129958 |
||
| 001 | 1906328 | ||
| 003 | ARRUPE | ||
| 005 | 20191112093514.0 | ||
| 008 | 840730s1984 onca b f100 0 eng | ||
| 010 | _a 84192409 | ||
| 020 | _a0889363242 (pbk.) | ||
| 040 |
_aDLC _cDLC _dDLC |
||
| 041 | 0 |
_aeng _bfrespa |
|
| 043 | _ad------ | ||
| 050 | 0 | 0 |
_aS494.5.I5 _bC65 1984 |
| 082 | 0 | 0 |
_a630 _219 |
| 245 | 0 | 0 |
_aComing full circle : _bfarmers' participation in the development of technology / _ceditors, Peter Matlon ... [et al.]. |
| 260 |
_aOttawa, Canada : _bInternational Development Research Centre, _cc1984. |
||
| 300 |
_a176 p. : _bill. ; _c25 cm. |
||
| 490 | 1 |
_aIDRC ; _v189e |
|
| 500 | _aAbstract in English, French, and Spanish. | ||
| 500 | _aPapers from a workshop held in Ouagadougou, Upper Volta, Sept. 20-25, 1983, and sponsored by the International Crops Research Institute for the Semi-arid Tropics and others. | ||
| 504 | _aBibliography: p. 165-171. | ||
| 650 | 0 |
_aAgricultural innovations _zDeveloping countries _xCongresses. _948474 |
|
| 650 | 0 |
_aFarmers _zDeveloping countries _xCongresses. _948475 |
|
| 650 | 0 |
_aAgriculture _xResearch _zDeveloping countries _xCongresses. _948476 |
|
| 700 | 1 |
_aMatlon, Peter J. _948477 |
|
| 710 | 2 |
_aInternational Crops Research Institute for the Semi-arid Tropics. _948478 |
|
| 710 | 2 |
_aInternational Development Research Centre (Canada) _948479 |
|
| 740 | 0 | _aFarmers' participation in the development of technology. | |
| 830 | 0 |
_aIDRC (Series) ; _v189e. _948480 |
|
| 906 |
_a7 _bcbc _corignew _d2 _encip _f19 _gy-gencatlg |
||
| 942 |
_2lcc _cMONOGRAPH |
||